Využitie marketingovej komunikácie v činnosti priemyselného podniku : Diplomová práca

Enregistré dans:
Détails bibliographiques
Auteur principal: Dolinajová, Eva (Auteur)
Autres auteurs: Brezník, Jozef, 1939- (xxx)
Format: Manuscrit Livre
Langue:slovaque
Publié: Trnava : STU v Bratislave MtF KMK, 2000
Sujets:
Tags: Ajouter un tag
Pas de tags, Soyez le premier à ajouter un tag!

MARC

LEADER 00000ntm a22000003a 4500
001 stu79375
005 20160719154938.4
008 030228s2000----xo------------------slo-d
040 |a STU  |b slo 
041 0 |a slo 
044 |a xo 
100 1 |a Dolinajová, Eva  |4 aut 
245 1 |a Využitie marketingovej komunikácie v činnosti priemyselného podniku :  |b Diplomová práca 
260 |a Trnava :  |b STU v Bratislave MtF KMK,  |c 2000 
300 |a 63 s  |c abstr. + príl. 
650 7 |a marketingová komunikácia  |2 stusub 
650 7 |a priemyselné podniky  |2 stusub 
650 7 |a manažment priemyselných podnikov  |2 stusub 
700 1 |a Brezník, Jozef,  |d 1939-  |4 xxx  |u M190  |U MTF Materiálovotechnologická fakulta  |T MTF Katedra priemyselného inžinierstva a manažmentu  |X 3647  |U M190  |Y 167  |7 A000003647